000 00549cam a22002291 4500
001 sa 66000888
003 DLC
005 20260227112218.0
008 940602s1965 pk 000 1 urdo
010 _asa 66000888
025 _aPL480:P-U-1327
035 _a(OCoLC)30538162
040 _aDLC
_cCU
_dCU
_dDLC
042 _apremarc
050 0 0 _aPK2200.C5
_bD3
100 1 _aChandar, Krishan.
245 1 0 _aDasht-i k̲h̲ayāl.
260 _c[1965]
300 _a200 p.
_c19 cm.
500 _aIn Urdu.
500 _aText partially vocalized.
999 _c67480
_d67480